000 02453nam0a2200421 4500
001 RU\NLR\BIBL_A\022622128
005 20260409064821.0
021 _aRU
029 1 0 _aRU
_b18-3.0-006-2024
_cСТО Газпром
035 _a(NLR Aleph) 022622128
090 _a13465503
_c13465503
100 _a20250915d2025 k y0rusy50 ca
101 0 _arus
102 _aRU
105 _ay l 000|y
181 0 _ai
_baxxe
182 0 _an
200 9 _aКорпоративная система гражданской защиты и мобилизационная подготовка
_iМетодика оценки готовности аварийно-спасательных формирований дочерних обществ и организаций ПАО "Газпром" к ведению аварийно-спасательных работ
_eСТО Газпром 18-3.0-006-2024
_fРазработан Научно-исследовательским институтом природных газов и газовых технологий - Газпром ВНИИГАЗ (ООО " Газпром ВНИИГАЗ")
203 _aТекст
_bвизуальный
_cнепосредственный
205 _aИзд. офиц.
210 _aСанкт-Петербург
_cГазпром экспо
_d2025
215 _aVI, 26 с.
_d29
225 1 _aСтандарт организации
_fГазпром
239 _aВвед. 01.07.2021
320 _aБиблиогр.: с. 25 (8 назв.)
517 1 _aСТО Газпром 18-3.0-006-2024
606 1 _aГазопроводы магистральные
_jСтандарты
_xЭксплуатация
_xТехника безопасности
_92396006
_3RU\NLR\AUTH\661428554
606 1 _aАварийно-спасательные службы
_jСтандарты
_yРоссийская Федерация
_92289805
_3RU\NLR\AUTH\661371419
686 _v2000
_2oks
686 1 _aО76-082н6я861
686 1 _aЦ69,6(2Р)0-53я861
712 0 2 _4725
_a"Газпром", публичное акционерное общество
_cСанкт-Петербург
_3RU\NLR\AUTH\880565471
_9797898
712 0 2 _4900
_aНИИ природных газов и газовых технологий
_cСанкт-Петербург
_3RU\NLR\AUTH\880619350
_92688255
942 _cBOOK
980 _aNB